
Library Catalogue

| 000 -LEADER | |
|---|---|
| fixed length control field | 00814nam a2200229Ia 4500 |
| 003 - CONTROL NUMBER IDENTIFIER | |
| control field | OSt |
| 005 - DATE AND TIME OF LATEST TRANSACTION | |
| control field | 20210113121013.0 |
| 008 - FIXED-LENGTH DATA ELEMENTS--GENERAL INFORMATION | |
| fixed length control field | 160316s2011 xxu||||| |||| 00| 0 eng d |
| 020 ## - INTERNATIONAL STANDARD BOOK NUMBER | |
| International Standard Book Number | 9781405755931 |
| 040 ## - CATALOGING SOURCE | |
| Transcribing agency | . |
| 082 ## - DEWEY DECIMAL CLASSIFICATION NUMBER | |
| Classification number | 346.078 DAV |
| Item number | DAV |
| 100 ## - MAIN ENTRY--PERSONAL NAME | |
| Personal name | Davis Glen |
| 245 ## - TITLE STATEMENT | |
| Title | Insolvency law handbook |
| 250 ## - EDITION STATEMENT | |
| Edition statement | 13th |
| 260 ## - PUBLICATION, DISTRIBUTION, ETC. | |
| Place of publication, distribution, etc. | London |
| Name of publisher, distributor, etc. | Lexis Nexis |
| Date of publication, distribution, etc. | 2011 |
| 300 ## - PHYSICAL DESCRIPTION | |
| Extent | 2937p |
| 365 ## - TRADE PRICE | |
| Price amount | Rs. 9,026 |
| 505 ## - FORMATTED CONTENTS NOTE | |
| Formatted contents note | CONTENTS;<br/>PART 1- INSOLVENCY LEGISLATION;<br/>PART 2 – EU AND INTERNATINAL MATERIALS;<br/>PART 3 – COMPANY DIRECTORS DISQUALIFICATION ACT 1986;<br/>PART 4 – BANKRUPTCY ACT(SCOTLAND0) ACT 1985;<br/>PART 5 – INSOLVENCY STATUTORY INSTRUMENTS;<br/>PART 6 – MISCELLANEOUS;<br/>INDEX<br/> |
| 650 ## - SUBJECT ADDED ENTRY--TOPICAL TERM | |
| Topical term or geographic name entry element | 1. Corporate Insolvence Law - Handbook |
| 700 ## - ADDED ENTRY--PERSONAL NAME | |
| Personal name | Haywood Marcus |
| -- | |
| 942 ## - ADDED ENTRY ELEMENTS (KOHA) | |
| Source of classification or shelving scheme | Dewey Decimal Classification |
| Koha item type | BOOKs |
| Withdrawn status | Lost status | Damaged status | Not for loan | Home library | Current library | Shelving location | Date acquired | Cost, normal purchase price | Total Checkouts | Full call number | Barcode | Date last seen | Price effective from | Koha item type |
|---|---|---|---|---|---|---|---|---|---|---|---|---|---|---|
| . | . | Library Compactors | 30.05.2017 | 9026.00 | 346.078 DAV | 26633 | 14.06.2024 | 30.05.2017 | BOOKs |